States with the Highest % High School Graduates - Statistics

General Stats
  • This quiz has been taken 30 times
  • The average score is 9 of 12
Answers on the Map
Answers color-coded by a green-red scale on the quiz's map according to % correct below.
 
Answer Stats
Percent Answer % Correct
93.21 Maine
88%
93.07 Vermont
88%
93.30 New Hampshire
85%
93.61 Minnesota
81%
92.63 Iowa
77%
92.40 Colorado
73%
93.58 Alaska
69%
94.25 Montana
69%
93.04 Utah
69%
92.76 Wisconsin
58%
94.55 Wyoming
58%
93.45 North Dakota
54%
No matching quizzes found
Score Distribution
Percent of People with Each Score
Percentile by Number Answered
Your Score History
You have not taken this quiz